000 00574cam a2200205 a 4500
020 _a0688174353 (pbk.)
040 _cDLC
082 0 0 _a028 HIL 2002 A002 Or.
100 1 _aMcMains, Victoria Golden.
245 1 4 _aThe readers' choice :
_b200 book club favorites /
250 _a1st perennial ed.
260 _aNew York :
_bQuill,
_c2000.
300 _ax, 270 p. ;
_c21 cm.
500 _aIncludes indexes.
650 0 _aBest books
650 0 _aFiction
650 0 _aGroup reading
856 4 2 _uhttp://www.loc.gov/catdir/description/hc042/99087624.html
942 _cEK
999 _c16593
_d16593